| 000 | 00824nam a22002417a 4500 | ||
|---|---|---|---|
| 001 | BR7001036 | ||
| 003 | BR-BrBNA | ||
| 005 | 20230928083632.0 | ||
| 007 | ta | ||
| 008 | 230509b bl.||||| |||| 00| 0 por d | ||
| 040 |
_aBR-BrBNA _bpor _cBiblioteca Nacional de Agricultura |
||
| 041 | _a(Por) | ||
| 072 | _aC30; E16; E10 | ||
| 090 | _ C30 BR7001036 | ||
| 110 | 1 |
_aInstituto Brasileiro de Economia, Rio de Janeiro, GB (Brasil). Centro de Estudos Agricolas _95757 |
|
| 245 | 1 |
_aResultados da pesquisa sobre as condicoes economicas das exploracoes rurais. Instrucoes para uso da fita magnetica _bRevisao dos questionarios de 1962/64 |
|
| 260 | 3 |
_aRio de Janeiro, GB (Brasil): _c1970. |
|
| 300 | _a72 p. | ||
| 650 | _aDOCUMENTACAO | ||
| 650 | _aECONOMIA AGRICOLA | ||
| 909 |
_a202309 _bLucia _c55 _dLucia Elande |
||
| 942 | _cBK | ||
| 999 |
_c14569 _d14569 |
||